00817 2200301 4500001002100000005001500021035002500036020002200061040001200083041000800095082001800103084001800121090002200139090002000161100002200181245005800203260003600261300004300297500003100340650001200371850001200383990002200395990001800417990001800435990002200453990001800475990002200493INLIS00000000000505420180730024525 a0010-051500000000187 a978-602-280-077-4 aYOPDYOG0 aind042[23]a612.664 a612.664 Ade D aDEP 612.664 Ade D aT 612.664 Ade D0 aADE SITI MAEMUNAH0 aDeterminan persepsi ibu menyusui /cAde Siti Maemunah3 aYogyakarta :bDeepublish,c2013 aviii, 78 halaman :bilustrasi ;c20 cm aBibliografi: halaman 71-78 4aLaktasi aYOPDYOG aCB-D.11/2013-1269 a58687-PD/A.18 a58687-PD/A.18 aCB-D.11/2013-1269 a58687-PD/A.18 aCB-D.11/2013-1269